[Event "93rd ARG-ch 2018"]
[Site "Laprida"]
[Date "2018.07.24"]
[Round "7"]
[White "Villanueva, Mario"]
[Black "Benedetti, Julio"]
[Result "1-0"]
[WhiteElo "2481"]
[BlackElo "2364"]
[Annotator "TA"]
[PlyCount "67"]
[EventDate "2018.07.17"]
[EventType "tourn"]
[EventCountry "ARG"]
[SourceTitle "playchess.com"]
[Source "ChessBase"]
[SourceQuality "1"]

{[%evp 26,67,99,100,222,211,220,171,179,167,379,370,369,367,463,630,432,466,464,447,461,443,445,429,433,423,547,538,763,714,1166,1159,1091,1030,3929,2742,1942,2086,12833,12833,12838,12839,12843,12844]} 1. e4 c5 2. Nf3 d6 3. d4 cxd4 4. Nxd4 Nf6 5. Nc3 g6 6. Be3 Bg7 7. f3 Nc6 8. Qd2 O-O 9. O-O-O Bd7 10. g4 Rc8 11. Kb1 Ne5 12. Be2 {B76: Sicilian Dragon: Yugoslav Attack, 9 g4 and 9 0-0-0} (12. h4 Qa5 13. Nd5 Qxd2 14. Nxe7+ Kh8 15. Bxd2 Rce8 16. g5 Nxe4 17. fxe4 Rxe7 18. Bb4 Bg4 19. Bxd6 Rd7 20. Bxf8 Bxd1 21. Bxg7+ Kxg7 {½-½ (46) Sasikiran,K (2642)-Feller,S (2626) Montpellier 2015}) 12... Nc4 13. Bxc4 Rxc4 14. h4 {[%cal Bh2h4,Bh4h5][%mdl 32] LiveBook: 4 Games. White is better.} Qb8 (14... h5 $16) 15. h5 $18 b5 16. Nd5 $146 ({Predecessor:} 16. hxg6 fxg6 17. g5 Nh5 18. b3 Rcc8 19. Nd5 Rf7 20. Rxh5 gxh5 {0-1 (34) Nunes,F (1870)-Teixeira,R (2125) Rio de Janeiro 1986}) 16... Nxd5 17. exd5 Qb7 $2 (17... Bf6 {keeps fighting.} 18. b3 (18. hxg6 fxg6 19. Qh2 Rf7 $16) 18... Rcc8) 18. hxg6 fxg6 19. Qh2 Qxd5 20. Qxh7+ {White is clearly winning.} Kf7 {[#] aiming for ...Rh8.} 21. Bh6 (21. Rh6 Rg8 $18) 21... Rg8 22. Nf5 Qe5 {[%csl Gg7][%cal Re5b2]} 23. Bxg7 ({Less strong is} 23. Nxg7 Rxg7 24. Bxg7 Qxg7 $18) 23... Rxg7 24. Nxg7 Qxg7 25. Rde1 e6 26. Rd1 Bc6 27. Rxd6 Qxh7 28. Rxh7+ {[%mdl 4096] Endgame KRR-KRB} Kf6 29. b3 Ke5 {[#]} 30. Rxe6+ $1 {[%mdl 512]} Kxe6 31. bxc4 bxc4 32. Rxa7 Bxf3 33. Ra6+ Ke5 34. Rxg6 {Precision: White = 100%, Black = 15%.} 1-0

[Event "93rd ARG-ch 2018"]
[Site "Laprida"]
[Date "2018.07.24"]
[Round "7"]
[White "Acosta, Pablo Ismael"]
[Black "Sosa, Tomas"]
[Result "1/2-1/2"]
[WhiteElo "2432"]
[BlackElo "2467"]
[Annotator "TA"]
[PlyCount "82"]
[EventDate "2018.07.17"]
[EventType "tourn"]
[EventCountry "ARG"]
[SourceTitle "playchess.com"]
[Source "ChessBase"]
[SourceQuality "1"]

{[%evp 9,82,-9,-6,-8,-2,-18,-6,-22,-24,-25,-8,-8,-2,-14,-17,-20,-22,-25,-28,-35,-20,-20,0,-12,0,0,5,0,0,0,13,-12,-11,-20,-10,-10,0,0,0,0,0,0,5,0,0,0,0,0,0,-2,0,0,0,-8,0,-38,-22,-48,-68,-63,0,-21,-10,-14,-15,-56,-8,-7,0,0,0,0,0,0,0]} 1. d4 d5 2. Nf3 Nc6 3. Bf4 Bg4 4. h3 (4. e3 e6 5. a3 Bd6 6. Bg3 e5 7. dxe5 Nxe5 8. Be2 Bxf3 9. Bxf3 Nf6 10. Nc3 c6 11. e4 O-O 12. exd5 Nxf3+ 13. Qxf3 {½-½ (73) Stocek,J (2574)-Plat,V (2556) Prague 2018}) 4... Bxf3 5. exf3 e6 {LiveBook: 10 Games} 6. Bb5 {D02: 1 d4 d5 2 Nf3 sidelines, including 2...Nf6 3 g3 and 2...Nf6 3 Bf4} Bd6 7. Qd2 Nge7 8. Nc3 O-O 9. O-O $146 ({Predecessor:} 9. a3 Ng6 10. Be3 Nce7 11. h4 Nf5 {1-0 (25) Fieandt,J (2275)-Mertanen,J Jyvaskyla 1993}) 9... Ng6 10. Bxd6 Qxd6 11. Bxc6 (11. Ne2 {is more complex.} b6 12. Bd3 Nce7 13. b4 Nf5 14. a4) 11... Qxc6 12. Rfe1 Rfd8 13. f4 Qd6 14. g3 Rac8 15. Ne2 h5 16. c3 h4 17. Kg2 Ne7 18. Rad1 hxg3 19. fxg3 Qa6 20. Nc1 c5 21. Qe2 Qxe2+ 22. Nxe2 Nf5 {[#] Strongly threatening ...Ne3+.} 23. Kf3 Nd6 24. dxc5 Rxc5 25. Nd4 Ne4 26. Nb3 Rcc8 27. Nd4 Kf8 28. g4 Ke7 29. Kg2 a6 30. Nf3 b5 {With the idea ...b4!} 31. Rd4 Rc4 32. Red1 Rdc8 33. Ne5 Rxd4 34. Rxd4 $15 {[%mdl 4096] Endgame KRN-KRN} Nc5 ({Black should play} 34... f6 $15 35. Ng6+ Kd6) 35. Rd2 f6 36. Nd3 Ne4 37. Re2 Kd6 38. h4 {The position is equal.} Rh8 39. h5 a5 40. Kf3 Ke7 41. Rg2 Kd6 {Precision: White = 47%, Black = 51%.} 1/2-1/2

[Event "93rd ARG-ch 2018"]
[Site "Laprida"]
[Date "2018.07.24"]
[Round "7"]
[White "Slipak, Sergio"]
[Black "Lorenzini, Martin"]
[Result "1/2-1/2"]
[WhiteElo "2411"]
[BlackElo "2423"]
[Annotator "TA"]
[PlyCount "41"]
[EventDate "2018.07.17"]
[EventType "tourn"]
[EventCountry "ARG"]
[SourceTitle "playchess.com"]
[Source "ChessBase"]
[SourceQuality "1"]

{[%evp 14,16,31,31,31]} 1. d4 d5 2. c4 e6 3. Nc3 Nf6 4. Bg5 Nbd7 5. e3 Be7 6. Nf3 O-O 7. Qc2 c5 8. cxd5 {LiveBook: 226 Games. D61: Queen's Gambit Declined: Classical: 7 Qc2} (8. Rd1 cxd4 9. Nxd4 h6 10. Bh4 Nb6 11. Be2 Bd7 12. Bxf6 Bxf6 13. cxd5 Nxd5 14. Nxd5 exd5 15. O-O Qb6 16. Bf3 Rac8 17. Qb1 {½-½ (79) Tomashevsky,E (2731)-Iordachescu,V (2584) Baku 2016}) 8... Nxd5 {Predecessor:} 9. Bxe7 $146 Qxe7 10. Nxd5 exd5 11. Bd3 g6 12. dxc5 Nxc5 13. O-O Bd7 14. Rac1 Rac8 15. Qd2 Nxd3 16. Qxd3 Rc5 17. Qa3 Rfc8 18. Nd4 Kf8 19. Ra1 a6 20. Qb4 R5c7 21. Qd2 {1-0 (47) Smirnov,A (2529)-Solomon,S (2346) Gold Coast 2018} 1/2-1/2

[Event "93rd ARG-ch 2018"]
[Site "Laprida"]
[Date "2018.07.24"]
[Round "7"]
[White "Pierrot, Facundo"]
[Black "Paveto, Kevin"]
[Result "1/2-1/2"]
[WhiteElo "2389"]
[BlackElo "2416"]
[Annotator "TA"]
[PlyCount "60"]
[EventDate "2018.07.17"]
[EventType "tourn"]
[EventCountry "ARG"]
[SourceTitle "playchess.com"]
[Source "ChessBase"]
[SourceQuality "1"]

{[%evp 20,60,62,58,62,62,89,79,82,83,73,27,79,80,89,73,122,49,56,25,8,10,24,-8,-8,-2,-6,0,0,-29,-3,0,0,0,0,0,0,0,0,-7,0,0,0]} 1. d4 Nf6 2. Nf3 g6 3. Bf4 Bg7 4. e3 O-O 5. Be2 d6 6. h3 Nbd7 7. O-O Qe8 8. Bh2 e5 9. c4 Qe7 10. Nc3 c6 11. Qc2 {LiveBook: 10 Games} Rd8 {A48: 1 d4 Nf6 2 Nf3 g6: Torre, London and Colle Systems} (11... b6 12. b4 Bb7 13. c5 dxc5 14. bxc5 Ne8 15. cxb6 exd4 16. Nxd4 axb6 17. Rab1 c5 18. Bf3 cxd4 19. Bxb7 {0-1 (71) Tang,A (2466)-Shabalov,A (2563) chess.com INT 2017}) 12. Rad1 $146 ({Predecessor:} 12. b4 b6 13. a4 a5 14. bxa5 bxa5 15. Rab1 Ne8 16. Qa2 Nc7 17. Qa3 c5 18. dxe5 Nxe5 19. Nxe5 Bxe5 20. Bxe5 dxe5 {1-0 (34) Plonczak,D (2181)-Nadstoga,W (2039) Poland 2013}) 12... exd4 13. exd4 Nf8 {White is better.} 14. Rfe1 d5 15. c5 Be6 (15... Bf5 $11 16. Bd3 Bxd3 17. Qxd3 (17. Rxe7 $2 {too greedy.} Bxc2 18. Rc1 Bf5 $19) (17. Rxd3 Qd7 $14) 17... Qd7) 16. b4 a6 17. a4 N6d7 18. Bf1 (18. Bd6 $16 Qf6 19. Qd2) 18... Qf6 19. Ne5 Nxe5 20. Bxe5 Qg5 21. Qd2 Qxd2 22. Rxd2 Bh6 23. Rb2 Re8 24. f3 Nd7 25. Bg3 {The position is equal.} Bg7 26. Bf2 a5 27. Rc1 Bh6 28. Rd1 Bg7 29. Rc1 Bh6 30. Rd1 Bg7 {Precision: White = 54%, Black = 60%.} 1/2-1/2

[Event "93rd ARG-ch 2018"]
[Site "Laprida"]
[Date "2018.07.24"]
[Round "7"]
[White "Pierrot, Facundo"]
[Black "Paveto, Kevin"]
[Result "*"]
[WhiteElo "2389"]
[BlackElo "2416"]
[Annotator "TA"]
[PlyCount "36"]
[EventDate "2018.07.17"]
[EventType "tourn"]
[EventCountry "ARG"]
[SourceTitle "playchess.com"]
[Source "ChessBase"]
[SourceQuality "1"]

{[%evp 17,18,6,29]} 1. d4 Nf6 2. Nf3 g6 3. Bf4 Bg7 4. e3 O-O 5. Be2 d6 6. h3 Nbd7 7. O-O Qe8 8. Bh2 e5 9. c4 Qe7 {LiveBook: 47 Games} {Predecessor:} 10. Nc3 $146 c6 11. c5 dxc5 12. Nxe5 Nxe5 13. Bxe5 Rd8 14. Qb3 cxd4 15. exd4 Be6 16. Bc4 Bxc4 17. Qxc4 Nd5 18. Rfe1 Qh4 {½-½ (28) Grachev,B (2654)-Mamedyarov,S (2763) Moscow 2010} *

[Event "93rd ARG-ch 2018"]
[Site "Laprida"]
[Date "2018.07.25"]
[Round "8"]
[White "Real De Azua, Ernesto"]
[Black "Slipak, Sergio"]
[Result "1/2-1/2"]
[WhiteElo "2496"]
[BlackElo "2411"]
[Annotator "TA"]
[PlyCount "45"]
[EventDate "2018.07.17"]
[EventType "tourn"]
[EventCountry "ARG"]
[SourceTitle "playchess.com"]
[Source "ChessBase"]
[SourceQuality "1"]

{[%evp 11,45,19,17,16,26,26,27,35,27,27,28,27,45,21,40,23,39,36,45,47,55,41,50,29,37,35,27,30,33,29,45,20,43,35,112,60]} 1. c4 e6 2. Nf3 d5 3. e3 Nf6 4. Nc3 Bd6 5. b3 O-O 6. Bb2 {A17: English Opening: 1...Nf6 with ...Bb4} b6 {LiveBook: 11 Games} 7. g3 $146 ({Predecessor:} 7. Qc2 c6 8. Be2 Bb7 9. cxd5 exd5 10. O-O Nbd7 11. Rac1 Re8 12. Rfd1 Nc5 13. d3 Rc8 {0-1 (59) So,W (2812)-Caruana,F (2808) Paris 2017}) 7... Qe7 8. Bg2 {White has an edge.} Ba3 9. Bxa3 Qxa3 10. cxd5 exd5 11. O-O Ba6 12. Qc1 Qd6 13. Rd1 Nc6 14. d4 Ne7 15. Qb2 c6 16. Rac1 Rfc8 17. Nb1 Bb7 18. Rc2 a5 19. Nc3 {[%cal Bb1c3,Bc3e2,Be2f4][%mdl 32]} Rab8 20. Ne2 Ne4 21. Nf4 Ba6 22. Ne5 Ng6 {[#]} (22... Ng5 $14) 23. Nexg6 {Precision: White = 68%, Black = 27%.} (23. Nfxg6 $1 $16 hxg6 24. Bxe4 dxe4 25. Rdc1) 1/2-1/2

[Event "93rd ARG-ch 2018"]
[Site "Laprida"]
[Date "2018.07.25"]
[Round "8"]
[White "Sosa, Tomas"]
[Black "Perez Ponsa, Federico"]
[Result "0-1"]
[WhiteElo "2467"]
[BlackElo "2547"]
[Annotator "TA"]
[PlyCount "62"]
[EventDate "2018.07.17"]
[EventType "tourn"]
[EventCountry "ARG"]
[SourceTitle "playchess.com"]
[Source "ChessBase"]
[SourceQuality "1"]

{[%evp 16,62,14,21,18,0,53,49,64,65,77,67,104,104,102,84,78,68,93,92,76,88,91,72,91,77,87,-445,-462,-445,-429,-600,-584,-621,-641,-809,-670,-997,-983,-966,-962,-962,-884,-1869,-1709,-1577,-1484,-7608,-6960]} 1. e4 c5 2. Nf3 d6 3. Bb5+ Nc6 4. O-O Bd7 5. c3 Nf6 6. Re1 a6 {B51: Sicilian: Moscow Variation (3 Bb5+) without 3...Bd7} 7. Bc4 Bg4 8. d4 cxd4 9. cxd4 {LiveBook: 21 Games} Rc8 10. Nc3 $146 ({Predecessor:} 10. Be3 e6 11. d5 exd5 12. Bxd5 Nxd5 13. exd5 Ne5 14. Bd4 Bxf3 15. Qxf3 {½-½ (24) Howell,D (2671)-Antipov,M (2576) Gjakova 2016}) 10... e6 (10... Bxf3 $11 11. gxf3 e5) 11. d5 $14 Ne5 12. Be2 Bxf3 13. gxf3 exd5 14. f4 Ng6 15. e5 dxe5 16. fxe5 Ne4 {Threatens to win with ...Rxc3.} 17. Nxe4 dxe4 18. Qa4+ Rc6 {[#]} 19. Bxa6 $1 ({But not} 19. Qxe4 Bc5 $15) 19... Qc8 {...Qg4+ is the strong threat.} 20. Rxe4 {Hoping for Bb5.} bxa6 {[#]} 21. Bg5 $2 {[%mdl 8192]} (21. Be3 $1 $16 {is forced if you want to stay better.}) 21... Bc5 $19 {Black is clearly winning.} 22. Rc1 O-O {aiming for ...Qf5!} 23. Rc2 Rc7 24. e6 fxe6 25. Qb3 Ba7 26. Rxe6 Rxc2 27. Rc6+ Kh8 28. Rxc8 Rfxc8 29. Qb7 Bxf2+ 30. Kh1 Bd4 31. Qd7 Rf8 {Precision: White = 48%, Black = 69%.} 0-1

[Event "93rd ARG-ch 2018"]
[Site "Laprida"]
[Date "2018.07.25"]
[Round "8"]
[White "Paveto, Kevin"]
[Black "Lorenzini, Martin"]
[Result "1-0"]
[WhiteElo "2416"]
[BlackElo "2423"]
[Annotator "TA"]
[PlyCount "61"]
[EventDate "2018.07.17"]
[EventType "tourn"]
[EventCountry "ARG"]
[SourceTitle "playchess.com"]
[Source "ChessBase"]
[SourceQuality "1"]

{[%evp 9,61,35,46,56,58,22,14,9,8,0,2,-12,-7,-13,-8,-19,4,-18,0,0,0,0,0,-19,0,-8,-11,-7,-11,-14,5,0,0,-22,0,0,0,0,0,0,0,-14,0,0,120,99,585,579,1471,1522,29987,0,29988,29989]} 1. e4 d5 2. exd5 Qxd5 3. Nc3 Qa5 4. d4 Nf6 5. a3 (5. Bc4 Bg4 6. Nge2 Nc6 7. O-O O-O-O 8. Be3 e5 9. d5 Nb4 10. Bg5 c6 11. a3 Nbxd5 12. Nxd5 cxd5 13. Bb3 h6 14. Bxf6 gxf6 15. Qe1 Qxe1 16. Rfxe1 {1-0 (49) Harikrishna,P (2744)-Ivanchuk,V (2726) Huaian 2017}) 5... c6 {LiveBook: 4 Games} 6. Bd3 {B01: Scandinavian Defence} g6 7. Nge2 $146 ({Predecessor:} 7. Nf3 Bg4 8. O-O Bg7 9. h3 Bxf3 10. Qxf3 e6 11. b4 Qb6 12. Na4 Qxd4 {1-0 (21) Roberto Morau,J (1380)-Allain,M (1300) IECC email 2010}) 7... Bg7 8. O-O {The position is equal.} O-O 9. Bf4 Nbd7 {[%cal Bb8d7,Bd7b6,Bb6d5,Bd5c3][%mdl 32]} 10. b4 Qd8 11. Re1 Re8 12. Bc4 a5 13. Rb1 axb4 14. axb4 Nb6 15. Bb3 Nbd5 16. Be5 Be6 17. b5 Nxc3 18. Nxc3 Bxb3 19. Rxb3 Qd7 20. bxc6 bxc6 21. Qf3 Ra7 22. Reb1 Rea8 23. Rb8+ Rxb8 24. Rxb8+ Ne8 25. h3 Bxe5 26. dxe5 Kg7 (26... Kf8 $1 $11 {keeps the balance.}) 27. Ne4 $36 {[%mdl 2048] White is really pushing.} Nc7 $2 {[%mdl 8192] [#]} (27... c5 $16) 28. Nf6 $1 $18 {[%mdl 512]} Ra1+ (28... exf6 29. exf6+) 29. Kh2 {Rg8+ would kill now.} exf6 30. Qxf6+ Kh6 {[#] White must now prevent ...Nd5.} 31. Rb4 $1 {Precision: White = 48%, Black = 35%.} 1-0

[Event "93rd ARG-ch 2018"]
[Site "Laprida"]
[Date "2018.07.25"]
[Round "8"]
[White "Pierrot, Facundo"]
[Black "Peralta, Fernando"]
[Result "0-1"]
[WhiteElo "2389"]
[BlackElo "2563"]
[Annotator "TA"]
[PlyCount "110"]
[EventDate "2018.07.17"]
[EventType "tourn"]
[EventCountry "ARG"]
[SourceTitle "playchess.com"]
[Source "ChessBase"]
[SourceQuality "1"]

{[%evp 21,110,0,0,-25,-25,-20,-19,-17,-15,-10,-3,-66,-18,-58,-55,-54,-44,-59,-44,-59,-57,-85,-58,-55,-39,-43,-44,-43,-53,-67,-80,-73,-74,-71,-79,-91,-99,-163,-172,-160,-167,-179,-151,-142,-122,-121,-122,-122,-122,-121,-118,-167,-156,-202,-194,-210,-129,-135,-131,-147,-125,-132,-133,-133,-136,-162,-158,-195,-145,-176,-155,-207,-141,-108,-112,-166,-165,-185,-182,-230,-230,-355,-352,-328,-210,-209,-222,-216,-120,-1208,-1206]} 1. e4 d6 2. d4 Nf6 3. Nc3 g6 4. Nf3 Bg7 5. Be2 O-O 6. O-O a6 7. a4 Nc6 8. d5 {B08: Pirc Defence: Classical System} (8. h3 e6 9. Be3 b6 10. e5 dxe5 11. Nxe5 Bb7 12. Bf3 Nd5 13. Nxd5 exd5 14. Nxc6 Bxc6 15. a5 b5 16. Qd2 Re8 17. Bf4 Bb7 {½-½ (30) Svidler,P (2760)-Dubov,D (2701) Moscow 2018}) 8... Nb4 9. a5 e6 10. Ra4 c5 11. dxc6 Nxc6 {LiveBook: 4 Games} 12. Bf4 d5 13. exd5 exd5 14. Qc1 $146 ({Predecessor:} 14. Bg5 h6 15. Be3 Nxa5 {½-½ (54) Rodin,D (2363)-Paravyan,D (2497) Sochi 2016}) 14... Re8 15. Rd1 Nxa5 16. Bh6 (16. Bg5 $11 Bd7 17. Rad4) 16... Nc6 17. Bxg7 Kxg7 18. h3 Be6 19. Bd3 Qe7 20. Ne2 Bf5 21. Ng3 Bxd3 22. Rxd3 h6 23. Rh4 Rh8 24. Rf4 Rae8 25. b3 Ne5 26. Re3 Nxf3+ 27. Rfxf3 Qd6 28. Qb2 d4 29. Rd3 (29. Re2 $17) 29... Re1+ $19 30. Nf1 Rd8 $36 {[%mdl 2048] Black is on the roll.} 31. c3 {[%cal Rd3d4]} Qc6 32. Qd2 Qe4 33. cxd4 Nd5 {...Rb1 is the strong threat.} 34. Rde3 {[#]} Rxf1+ $1 {[%mdl 512]} 35. Kxf1 Nxe3+ 36. fxe3 $17 {[%mdl 4096] Endgame [#] KQR-KQR} Qb1+ $1 37. Qe1 Qxb3 38. Qh4 Qb1+ 39. Kf2 {Qf6+ would kill now.} Qc2+ 40. Kg1 {Intending Qf6+ and mate.} Qc1+ 41. Kf2 {Threatening mate with Qf6+.} Qc7 42. Qf6+ Kg8 43. e4 Re8 44. e5 Qd7 45. Rd3 {intending d5.} Qd5 46. Qf4 (46. Qf3 $17 {keeps fighting.} Qc4 47. Rd1) 46... h5 47. Qf3 Qc4 48. Qe3 (48. Kg1 $17) 48... Rd8 $19 49. Qd2 Qd5 50. Qb4 b5 ({Resist} 50... Qe4 51. Qd2 $17) 51. Qa5 (51. Qc3 $142) 51... Rc8 {Strongly threatening ...Rc2+.} 52. Rd2 Rc1 53. Qa3 Qc4 {Threatens to win with ...Qf1+.} 54. Qd3 a5 (54... Qxd3 $19 55. Rxd3 b4) 55. d5 $2 {[%mdl 8192]} (55. Qxc4 $17 Rxc4 56. Ke3) 55... Qf4+ {Precision: White = 48%, Black = 66%.} 0-1

[Event "93rd ARG-ch 2018"]
[Site "Laprida"]
[Date "2018.07.25"]
[Round "8"]
[White "Benedetti, Julio"]
[Black "Acosta, Pablo Ismael"]
[Result "0-1"]
[WhiteElo "2364"]
[BlackElo "2432"]
[Annotator "TA"]
[PlyCount "136"]
[EventDate "2018.07.17"]
[EventType "tourn"]
[EventCountry "ARG"]
[SourceTitle "playchess.com"]
[Source "ChessBase"]
[SourceQuality "1"]

{[%evp 20,136,10,16,64,75,64,49,99,88,152,140,139,120,206,187,215,118,96,-15,-19,0,0,-13,-17,-242,-239,-539,-187,-170,-112,-111,-117,-91,0,0,49,0,0,0,0,0,0,0,10,0,0,0,0,0,0,0,0,0,0,0,0,-10,0,0,0,0,0,0,0,-20,-20,-24,-21,-20,-2,-193,0,-47,-50,-61,-43,-47,-37,-35,-35,-41,-55,-237,-199,-215,0,0,0,0,0,-170,-167,-292,-272,-284,-190,-218,-50,-404,-410,-10866,-5085,-1510,-1332,-29973,-29973,-29979,-29978,-29986,-29986,-29986,-29987,-29987,-29988,-29988,-29988,-29989,-29990]} 1. e4 c5 2. Nf3 e6 3. d4 cxd4 4. Nxd4 Nc6 5. Nc3 Qc7 6. Be3 a6 7. Qd2 Nf6 8. O-O-O Bb4 9. f3 Ne5 10. g4 {B48: Sicilian: Taimanov: 5 Nc3 Qc7 6 Be3 a6 without Be2} (10. Nb3 b5 11. Qf2 Be7 12. g4 d6 13. Rg1 Rb8 14. g5 Nfd7 15. f4 b4 16. Ne2 Nc4 17. Ng3 Nxe3 18. Qxe3 Qb6 19. Qxb6 Rxb6 {½-½ (52) Dominguez Perez,L (2732)-Vachier Lagrave,M (2758) Berlin 2015}) 10... h6 11. h4 {[%cal Bh2h4,Bh4g5][%mdl 32] LiveBook: 6 Games} d6 $146 ({Predecessor:} 11... d5 12. g5 hxg5 13. hxg5 Rxh1 14. gxf6 gxf6 15. exd5 Bxc3 16. bxc3 Nc4 17. Bxc4 Rxd1+ 18. Qxd1 Qxc4 {0-1 (56) Vykouk,J (2435)-Pavlidis,A (2539) Katowice 2017}) 12. Be2 {White is slightly better.} Bd7 13. g5 hxg5 14. hxg5 Rxh1 (14... Nh5 $142) 15. Rxh1 $16 Ng8 16. Rh7 g6 (16... Ng6 $16) 17. Nb3 $1 $18 Bb5 18. Bxb5+ ({Better is} 18. f4 $18 Bxc3 19. bxc3) 18... axb5 $16 19. Qd4 ({White should try} 19. Bd4 $1 $16) 19... Bxc3 $1 $11 20. bxc3 Ra4 21. Qd2 Nc4 22. Qd3 $2 (22. Qe1 $11) 22... Rxa2 $19 23. f4 $2 (23. Bd2 {was worth a try.}) 23... Qc6 $2 (23... b6 24. Kb1 Rb2+ 25. Kc1 Qa7) 24. Qd4 Qa6 (24... e5 $19 25. fxe5 dxe5) 25. Kd1 $17 e5 26. fxe5 dxe5 ({Black should play} 26... Ra4 $1 $17 27. e6 Nb2+ 28. Ke1 Rxd4 29. exf7+ Kf8 30. Nxd4 Qa1+ 31. Kf2 Nd1+ 32. Kg3 Qa2) 27. Qc5 $11 {White wants to mate with Qc8+.} Nxe3+ 28. Qxe3 {Threatens to win with Qc5.} (28. Ke2 $5 {[%cal Rc5c8]} Rxc2+ 29. Kxe3 $14) 28... Qd6+ 29. Kc1 Qa3+ 30. Kd1 Qb2 31. Qd2 Ra8 32. Rh8 Ke7 33. Nc5 {White threatens Qd7+ and mate.} Rd8 34. Nd3 Qa1+ 35. Ke2 $1 Kf8 36. Rh7 Rd6 37. Kf2 Ne7 38. Kg2 $1 Nc6 39. Qf2 {[%csl Gh7][%cal Rf2f7]} Qa2 $36 {[%mdl 2048] Black fights for an advantage.} 40. Rh8+ Ke7 $1 {White must now prevent ...Qc4.} 41. Rc8 Qc4 42. Qf3 Qxc3 43. Rc7+ Kd8 44. Rxb7 Qd2+ 45. Kh3 $2 (45. Kh1 $1 $11 {and White stays safe.}) 45... Nd4 $2 ({Not} 45... Qxg5 46. Qxf7 Qe3+ 47. Kh2 $11) (45... Qxc2 $19 46. Nf2 Kc8 47. Rxf7 b4) 46. Qg3 Qxc2 {...Qc8+ is the strong threat.} 47. Nxe5 Qc8+ 48. Ng4 $1 Qxb7 49. Qxd6+ Qd7 50. Qb8+ Ke7 51. Qe5+ $2 (51. Qb6 $1 $15) 51... Ne6 $1 $19 52. Qf6+ Ke8 $2 (52... Kd6 $1 $19 {Strongly threatening ...Kc5.} 53. Kh4 Kc5) 53. Qh8+ $11 Nf8 54. Kh4 Qd6 55. Qc3 $2 (55. Nf6+ $11 Kd8 56. Qg8) 55... Nd7 $1 $19 56. e5 (56. Nf6+ {was called for.} Nxf6 57. gxf6 Qf4+ 58. Kh3) 56... Qd5 57. Qc7 Qc4 58. Qd6 {[#]} b4 $2 (58... Kd8 $1 $19 {aiming for ...b4.} 59. Kg3 Qc5) 59. Kh3 $2 {[%mdl 8192] [#]} (59. Kg3 $1 $15) 59... b3 $1 60. Nf6+ (60. Kg3 $142 b2 61. Nf6+ Nxf6 62. Qb8+ Kd7 63. Qb7+ Ke6 64. Qb6+ Kd5 65. Qb7+ Kc5 66. Qxb2 Qd3+ 67. Kg2) 60... Nxf6 61. Qb8+ Kd7 62. gxf6 {[%mdl 4096] Endgame KQ-KQ} Ke6 {Black mates.} 63. Kg3 Kf5 64. Kh3 Qc3+ 65. Kg2 Qc2+ 66. Kf3 b2 67. e6 Qe4+ 68. Kg3 b1=Q {Precision: White = 41%, Black = 49%.} 0-1

[Event "93rd ARG-ch 2018"]
[Site "Laprida"]
[Date "2018.07.25"]
[Round "8"]
[White "Gomez, Carlos David"]
[Black "Villanueva, Mario"]
[Result "1/2-1/2"]
[WhiteElo "2356"]
[BlackElo "2481"]
[Annotator "TA"]
[PlyCount "53"]
[EventDate "2018.07.17"]
[EventType "tourn"]
[EventCountry "ARG"]
[SourceTitle "playchess.com"]
[Source "ChessBase"]
[SourceQuality "1"]

{[%evp 19,53,0,0,0,19,0,0,-20,-17,-13,-24,-13,-13,-23,-20,-25,-17,-18,-10,-27,-27,-31,-27,-64,-22,-33,-8,-8,60,44,50,56,52,67,72,42]} 1. e4 e6 2. d4 d5 3. Bd3 dxe4 4. Bxe4 Nf6 5. Bf3 c5 6. Ne2 Nc6 {C01: French: Exchange Variation} 7. Be3 cxd4 (7... Nd5 8. Bxd5 Qxd5 9. Nbc3 Qxg2 10. Rg1 Qf3 11. Nb5 Rb8 12. dxc5 Bd7 13. Nc7+ Kd8 14. Nb5 {0-1 (54) Kramnik,V (2808)-Caruana,F (2808) Stavanger 2017}) 8. Nxd4 Ne5 9. Nc3 a6 10. Qe2 Nxf3+ {LiveBook: 8 Games} 11. Qxf3 e5 12. Nb3 Bb4 13. Bg5 O-O $146 ({Predecessor:} 13... Qd5 14. Qxd5 Bxc3+ {1-0 (60) Pruijssers,R (2496)-Pijpers,A (2445) Leiden 2017}) 14. O-O {And now Rfd1 would win.} Bxc3 $1 15. Qxc3 Ne4 16. Bxd8 Nxc3 17. Ba5 Na4 18. Bb4 Rd8 19. Ba3 Be6 20. Rfd1 f6 21. Kf1 Kf7 22. Na5 b6 23. Nb7 Rd7 (23... Rdb8 $11 24. Nd6+ Kg8) 24. Rxd7+ $14 Bxd7 25. Rd1 Bb5+ 26. Ke1 $1 Kg6 27. Nd6 {Precision: White = 59%, Black = 62%.} 1/2-1/2